| 000 | 00531nam a22001817a 4500 | ||
|---|---|---|---|
| 003 | CEME | ||
| 005 | 20210628201831.0 | ||
| 008 | 210222b xxu||||| |||| 00| 0 eng d | ||
| 020 | _a0-07-079923-7 | ||
| 040 | _c. | ||
| 082 | _a620.105 BEE | ||
| 100 |
_aBeer, Ferdinand.P Johnston, E.Russell _956612 |
||
| 245 | _aVector mechanics for engineers, statics and dynamics | ||
| 260 |
_aNEW YORK _bMCGRAW HILL _c1988 |
||
| 300 | _aXIII,1026P | ||
| 650 |
_aMECHANICS,APPLIED VECTOR ANALYSIS STATICS DYNAMICS _957022 |
||
| 942 |
_cBK _2ddc |
||
| 999 |
_c567334 _d567334 |
||